| 000 | 00775nam a2200205 a 4500 | ||
|---|---|---|---|
| 003 | 0 | ||
| 005 | 20250618125002.0 | ||
| 008 | 021120s19uu xx 00 eng d | ||
| 050 |
_aPGS HQ 784.I58 _b.Ar662 2000 |
||
| 100 | _aAraneta, Jess Christopher N. | ||
| 245 |
_aPerceptions on the use of internet by grade 6 students school year 1999-2000/ _cJess Christopher N. Araneta. |
||
| 260 |
_aLas PiƱas City, Philippines : _bSouthville International School and Colleges, _c2000. |
||
| 300 |
_a24 pages : _billustrations ; _c28 cm. |
||
| 504 | _aIncludes bibliographical references. | ||
| 650 | _aInternet and children. | ||
| 650 |
_aInternet _vPsychological aspects. |
||
| 650 | _aInternet in education. | ||
| 650 |
_aGrade school students _vAttitudes. |
||
| 942 |
_2lcc _cPASS |
||
| 999 |
_c96283 _d96283 |
||